Greener Fischer-Tropsch processes for fuels and feedstocks /

Bibliographic Details
Other Authors: Maitlis, Peter M., 1933-, Klerk, Arno de
Format: Book
Language:English
Published: Weinheim : Wiley-VCH, [2013]
Subjects:

MARC

Tag First Indicator Second Indicator Subfields
LEADER 00000cam a2200000Ia 4500
001 in00002803921
005 20151203084233.0
008 121015s2013 gw a b 001 0 eng d
015 |a GBB2A7773  |2 bnb 
016 7 |a 016196082  |2 Uk 
019 |a 811597333 
020 |a 9783527329458 (hbk.) 
020 |a 3527329455 (hbk.) 
020 |z 9783527656868 (ePDF) 
035 |a (OCoLC)ocn815366924 
035 |a (OCoLC)815366924  |z (OCoLC)811597333 
040 |a UKMGB  |b eng  |c UKMGB  |d OCLCO  |d BTCTA  |d TXA  |d UtOrBLW 
049 |a TXAM 
082 0 4 |a 662.6623  |2 23 
090 |a TP360  |b .G74 2013 
245 0 0 |a Greener Fischer-Tropsch processes for fuels and feedstocks /  |c edited by Peter M. Maitlis and Arno de Klerk. 
264 1 |a Weinheim :  |b Wiley-VCH,  |c [2013] 
264 4 |c ©2013 
300 |a xviii, 372 pages :  |b illustrations ;  |c 25 cm. 
336 |a text  |b txt  |2 rdacontent 
337 |a unmediated  |b n  |2 rdamedia 
338 |a volume  |b nc  |2 rdacarrier 
504 |a Includes bibliographical references and index. 
530 |a Also issued online. 
650 0 |a Fischer-Tropsch process. 
700 1 |a Maitlis, Peter M.,  |d 1933- 
700 1 |a Klerk, Arno de. 
994 |a C0  |b TXA 
948 |a cataloged  |b h  |c 2013/3/19  |d c  |e nbehmer  |f 10:55:31 am 
999 |a MARS 
999 f f |s 8b7a11e8-bdd0-3d33-a651-16abea223a81  |i 52b4deab-9176-3115-9e04-4e9f1e835228  |t 0 
952 f f |p normal  |a Texas A&M University  |b College Station  |c Sterling C. Evans Library  |d Evans: Library Stacks  |t 0  |e TP360 .G74 2013  |h Library of Congress classification  |i unmediated -- volume  |m A14841691930 
998 f f |a TP360 .G74 2013  |t 0  |l Evans: Library Stacks